Un esqueleto en avión / (Registro nro. 13335)

Detalles MARC
000 -LEADER
fixed length control field 00841nam a22002417a 4500
003 - CONTROL NUMBER IDENTIFIER
control field DO-SdBNP
005 - DATE AND TIME OF LATEST TRANSACTION
control field 20180223133518.0
008 - FIXED-LENGTH DATA ELEMENTS--GENERAL INFORMATION
fixed length control field 180223b 2000 sp ||||| |||| 00| 0 spa d
020 ## - INTERNATIONAL STANDARD BOOK NUMBER
International Standard Book Number 8422681609
040 ## - CATALOGING SOURCE
Original cataloging agency BPMSU
Language of cataloging spa
Transcribing agency BPMSU
100 1# - MAIN ENTRY--PERSONAL NAME
Personal name Brezina, Thomas,
Dates associated with a name 1963-
245 10 - TITLE STATEMENT
Title Un esqueleto en avión /
Statement of responsibility, etc. Thomas Brezina; ilustraciones de Bernhard Förth ; traducción del alemán, José Antonio Santiago-Tagle.
260 ## - PUBLICATION, DISTRIBUTION, ETC. (IMPRINT)
Place of publication, distribution, etc. Barcelona :
Name of publisher, distributor, etc. Círculo de Lectores,
Date of publication, distribution, etc. 2000.
300 ## - PHYSICAL DESCRIPTION
Extent 124 p. :
Other physical details il. ;
Dimensions 20 cm.
490 1# - SERIES STATEMENT
Series statement Todos mis monstruos
500 ## - GENERAL NOTE
General note Traducción de: Das skelett im jet
700 12 - ADDED ENTRY--PERSONAL NAME
Personal name Förth, Bernhard,
Relator term il.
700 12 - ADDED ENTRY--PERSONAL NAME
Personal name Santiago-Tagle, José Antonio,
Relator term tr.
830 #0 - SERIES ADDED ENTRY--UNIFORM TITLE
Uniform title Todos mis monstruos
942 ## - ADDED ENTRY ELEMENTS (KOHA)
Source of classification or shelving scheme Dewey Decimal Classification
Koha item type Libros
945 ## - LOCAL PROCESSING INFORMATION (OCLC)
a Inventariado, 2018 /LP
956 ## - LOCAL ELECTRONIC LOCATION AND ACCESS (OCLC)
Host name LOPEREZ
Access number 10
Compression information 20180223
Processor of request BPMSU
Existencias
Withdrawn status Lost status Source of classification or shelving scheme Damaged status Not for loan Collection code Home library Current library Date acquired Source of acquisition Total Checkouts Barcode Date last seen Price effective from Koha item type
    Dewey Decimal Classification     Colección General Biblioteca Pública Metropolitana Salomé Ureña Biblioteca Pública Metropolitana Salomé Ureña 02/23/2018 Fundación Educativa y Cultural (FUNDI)   BPMSU18020254 02/23/2018 02/23/2018 Libros